| 000 | 00622nam a2200217Ia 4500 | ||
|---|---|---|---|
| 003 | GCL | ||
| 008 | 140319s9999 xx 000 0 ara d | ||
| 040 |
_aGCL / _cGCL |
||
| 082 | 0 | 4 |
_a240 _bط ت |
| 100 | 1 | _aعباس محمد حسن سليمان | |
| 245 | 1 | 0 |
_aتجديد العقائد / _cعباس محمد حسن سليمان |
| 300 | _a194 ص | ||
| 490 | _a | ||
| 650 | 0 | 4 | _aالثواب والعقاب |
| 650 | 0 | 4 | _aالعقائد |
| 650 | 0 | 4 | _aالنبوات |
| 650 | 0 | 4 | _aالامامة |
| 650 | 0 | 4 | _aعلم الكلام - مذاهب |
| 650 | 0 | 4 | _aالجواهر ( علم الكلام ) |
| 942 |
_2ddc _cBK |
||
| 999 |
_c43420 _d43420 |
||